| 000 | 01048cam a22002651 4500 | ||
|---|---|---|---|
| 001 | 7332068 | ||
| 003 | ARRUPE | ||
| 005 | 20131007174611.0 | ||
| 008 | 760513s1926 xx 001 0 eng | ||
| 010 | _a 27000439 | ||
| 035 | _a(OCoLC)2175017 | ||
| 040 |
_aDLC _cMNS _dDLC |
||
| 041 | 1 | _aengfre | |
| 042 | _apremarc | ||
| 050 | 0 | 0 |
_aBV5090 _b.F3 1925 |
| 100 | 1 |
_aFarges, Albert, _d1848-1926. _92228 |
|
| 245 | 1 | 0 |
_aMystical phenomena compared with their human and diabolical counterfeits; _ba treatise on mystical theology in agreement with the principles of St. Teresa set forth by the Carmelite Congress of 1923 at Madrid, _cby Mgr. Albert Farges. Translated from the 2d French ed. by S. P. Jacques. |
| 260 |
_aLondon, _bBurns, Oates & Washbourne, _c1926. |
||
| 300 |
_axvi, 668 p. _c22 cm. |
||
| 504 | _a"Bibliography of the better known authors": p. 652-655. | ||
| 650 | 0 |
_aMysticism _xCatholic Church. _92229 |
|
| 700 | 1 |
_aJacques, S. P., _etr. _92230 |
|
| 906 |
_a7 _bcbc _coclcrpl _du _encip _f19 _gy-gencatlg |
||
| 942 |
_2lcc _cMONOGRAPH |
||
| 999 |
_c118274 _d118274 |
||